Services Marketing (Record no. 93274)

MARC details
000 -LEADER
fixed length control field 00613nam a2200229Ia 4500
005 - DATE AND TIME OF LATEST TRANSACTION
control field 20230303111655.0
008 - FIXED-LENGTH DATA ELEMENTS--GENERAL INFORMATION
fixed length control field 230125s9999 xx 000 0 und d
020 ## - INTERNATIONAL STANDARD BOOK NUMBER
International Standard Book Number 978-81-7722-376-7
041 ## - LANGUAGE CODE
Language code of text/sound track or separate title eng
082 ## - DEWEY DECIMAL CLASSIFICATION NUMBER
Classification number 658.8
Item number CLO
100 ## - MAIN ENTRY--PERSONAL NAME
Author Clow K E
245 ## - TITLE STATEMENT
Title Services Marketing
Remainder of title Operation, Management, and Strategy
250 ## - EDITION STATEMENT
Edition statement 2nd Ed.
260 ## - PUBLICATION, DISTRIBUTION, ETC.
Date of publication, distribution, etc. 2009
Name of publisher, distributor, etc. Biztantra Publications
Place of publication, distribution, etc. New Delhi
300 ## - PHYSICAL DESCRIPTION
Extent 460p
500 ## - GENERAL NOTE
Keywords Services marketing
650 ## - SUBJECT ADDED ENTRY--TOPICAL TERM
Topical term or geographic name entry element Services marketing
700 ## - ADDED ENTRY--PERSONAL NAME
Personal name Clow K E & Kurtz D L
942 ## - ADDED ENTRY ELEMENTS (KOHA)
Koha item type Books
906 ## - LOCAL DATA ELEMENT F, LDF (RLIN)
b 107.3
Holdings
Withdrawn status Lost status Damaged status Not for loan Home library Current library Date acquired Vendor Net Price Bill number Total Checkouts Full call number Barcode Date last seen Actual Price Bill Date Koha item type Original Barcode Date due Date last checked out
        Smt. Hiraben Nanavati Institute of Management & Research for Women Smt. Hiraben Nanavati Institute of Management & Research for Women 04/03/2015 Pritam Book Centre 429.00 9336   658.8 CLO B13170 HIMR-BK-13170 25/01/2023 321.70 09/02/2015 Books B13170    
        Smt. Hiraben Nanavati Institute of Management & Research for Women Smt. Hiraben Nanavati Institute of Management & Research for Women 04/03/2015 Pritam Book Centre 429.00 9336   658.8 CLO B13171 HIMR-BK-13171 25/01/2023 321.70 09/02/2015 Books B13171    
        Smt. Hiraben Nanavati Institute of Management & Research for Women Smt. Hiraben Nanavati Institute of Management & Research for Women 04/03/2015 Pritam Book Centre 429.00 9336   658.8 CLO B13172 HIMR-BK-13172 25/01/2023 321.70 09/02/2015 Books B13172    
        Smt. Hiraben Nanavati Institute of Management & Research for Women Smt. Hiraben Nanavati Institute of Management & Research for Women 04/03/2015 Pritam Book Centre 429.00 9336   658.8 CLO B13173 HIMR-BK-13173 25/01/2023 321.70 09/02/2015 Books B13173    
        Smt. Hiraben Nanavati Institute of Management & Research for Women Smt. Hiraben Nanavati Institute of Management & Research for Women 04/03/2015 Pritam Book Centre 429.00 9336 1 658.8 CLO B13174 HIMR-BK-13174 04/08/2025 321.70 09/02/2015 Books B13174 31/01/2026 04/08/2025
        Smt. Hiraben Nanavati Institute of Management & Research for Women Smt. Hiraben Nanavati Institute of Management & Research for Women 04/03/2015 Pritam Book Centre 429.00 9336   658.8 CLO B13175 HIMR-BK-13175 25/01/2023 321.70 09/02/2015 Books B13175    
        Smt. Hiraben Nanavati Institute of Management & Research for Women Smt. Hiraben Nanavati Institute of Management & Research for Women 04/03/2015 Pritam Book Centre 429.00 9336   658.8 CLO B13176 HIMR-BK-13176 25/01/2023 321.70 09/02/2015 Books B13176    
        Smt. Hiraben Nanavati Institute of Management & Research for Women Smt. Hiraben Nanavati Institute of Management & Research for Women 04/03/2015 Pritam Book Centre 429.00 9336   658.8 CLO B13177 HIMR-BK-13177 25/01/2023 321.70 09/02/2015 Books B13177    
        Smt. Hiraben Nanavati Institute of Management & Research for Women Smt. Hiraben Nanavati Institute of Management & Research for Women 04/03/2015 Pritam Book Centre 429.00 9336   658.8 CLO B13178 HIMR-BK-13178 25/01/2023 321.70 09/02/2015 Books B13178    
        Smt. Hiraben Nanavati Institute of Management & Research for Women Smt. Hiraben Nanavati Institute of Management & Research for Women 04/03/2015 Pritam Book Centre 429.00 9336   658.8 CLO B13179 HIMR-BK-13179 25/01/2023 321.70 09/02/2015 Books B13179